| 000 -LEADER |
| fixed length control field |
03132cam a2200397 i 4500 |
| 001 - CONTROL NUMBER |
| control field |
20566971 |
| 005 - DATE AND TIME OF LATEST TRANSACTION |
| control field |
20221011120233.0 |
| 008 - FIXED-LENGTH DATA ELEMENTS--GENERAL INFORMATION |
| fixed length control field |
171202t20182018nyuad b 001 0 eng c |
| 010 ## - LIBRARY OF CONGRESS CONTROL NUMBER |
| LC control number |
2017038216 |
| 020 ## - INTERNATIONAL STANDARD BOOK NUMBER |
| International Standard Book Number |
9781138692329 (hardback) |
| 020 ## - INTERNATIONAL STANDARD BOOK NUMBER |
| International Standard Book Number |
9781138202931 (pbk.) |
| 020 ## - INTERNATIONAL STANDARD BOOK NUMBER |
| Canceled/invalid ISBN |
9781315472652 (ebook) |
| 040 ## - CATALOGING SOURCE |
| Original cataloging agency |
LBSOR/DLC |
| Language of cataloging |
eng |
| Transcribing agency |
LBSOR |
| Description conventions |
rda |
| Modifying agency |
DLC |
| 042 ## - AUTHENTICATION CODE |
| Authentication code |
pcc |
| 043 ## - GEOGRAPHIC AREA CODE |
| Geographic area code |
a-cc--- |
| -- |
d----- |
| 050 00 - LIBRARY OF CONGRESS CALL NUMBER |
| Classification number |
D888.C6 |
| Item number |
C483 2018 |
| 082 00 - DEWEY DECIMAL CLASSIFICATION NUMBER |
| Classification number |
327.5101724 |
| Author Mark |
CHI |
| 245 00 - TITLE STATEMENT |
| Title |
China steps out : |
| Remainder of title |
Beijing's major power engagement with the developing world / |
| Statement of responsibility, etc. |
edited by Joshua Eisenman and Eric Heginbotham. |
| 264 #1 - PRODUCTION, PUBLICATION, DISTRIBUTION, MANUFACTURE, AND COPYRIGHT NOTICE |
| Place of production, publication, distribution, manufacture |
New York ; |
| -- |
London : |
| Name of producer, publisher, distributor, manufacturer |
Routledge Taylor & Francis Group, |
| Date of production, publication, distribution, manufacture, or copyright notice |
2018. |
| 300 ## - PHYSICAL DESCRIPTION |
| Extent |
xiv, 438 pages : |
| Other physical details |
illustrations, charts ; |
| Dimensions |
24 cm |
| 336 ## - CONTENT TYPE |
| Content type term |
text |
| Source |
rdacontent |
| 337 ## - MEDIA TYPE |
| Media type term |
unmediated |
| Source |
rdamedia |
| 338 ## - CARRIER TYPE |
| Carrier type term |
volume |
| Source |
rdacarrier |
| 504 ## - BIBLIOGRAPHY, ETC. NOTE |
| Bibliography, etc. note |
Includes bibliographical references and index. |
| 505 0# - FORMATTED CONTENTS NOTE |
| Formatted contents note |
China and the developing world: a new global dynamic / Eisenman & Heginbotham -- Expanding the "strategic periphery": a history of China's interaction with the developing world / Derek Mitchell -- Southeast Asia / Eric Heginbotham -- Central Asia / Matthew Oresman & Raffaello Pantucci -- South Asia / Jeff M. Smith -- Africa / Joshua Eisenman & David H. Shinn -- Middle East and Arab countries / Sarah Kaiser-Cross & Yufeng Mao -- Latin America and the Caribbean / R. Evan Ellis -- China's evolving power, position, and influence in the developing world / Eisenman & Heginbotham. |
| 520 ## - SUMMARY, ETC. |
| Summary, etc. |
"What are Beijing's objectives towards the developing world and how they have evolved and been pursued over time? Featuring contributions by recognized experts, China Steps Out analyses and explains China's strategies in Africa, the Middle East, Central Asia, Latin America, South Asia, and Southeast Asia, and evaluates their effectiveness. This book explains how other countries perceive and respond to China's growing engagement and influence. Each chapter is informed by the functionally organized academic literature and addresses a uniform set of questions about Beijing's strategy. Using a regional approach, the authors are able to make comparisons among regions based on their economic, political, military, and social characteristics, and consider the unique features of Chinese engagement in each region and the developing world as a whole. China Steps Out will be of great interest to students and scholars of Chinese foreign policy, comparative political economy, and international relations"-- |
| Assigning source |
Provided by publisher. |
| 651 #0 - SUBJECT ADDED ENTRY--GEOGRAPHIC NAME |
| Geographic name |
China |
| General subdivision |
Foreign relations |
| Geographic subdivision |
Developing countries. |
| 9 (RLIN) |
99843 |
| 651 #0 - SUBJECT ADDED ENTRY--GEOGRAPHIC NAME |
| Geographic name |
Developing countries |
| General subdivision |
Foreign relations |
| Geographic subdivision |
China. |
| 9 (RLIN) |
99844 |
| 651 #0 - SUBJECT ADDED ENTRY--GEOGRAPHIC NAME |
| Geographic name |
China |
| General subdivision |
Foreign economic relations |
| Geographic subdivision |
Developing countries. |
| 9 (RLIN) |
99845 |
| 651 #0 - SUBJECT ADDED ENTRY--GEOGRAPHIC NAME |
| Geographic name |
Developing countries |
| General subdivision |
Foreign economic relations |
| Geographic subdivision |
China. |
| 9 (RLIN) |
99846 |
| 700 1# - ADDED ENTRY--PERSONAL NAME |
| Personal name |
Eisenman, Joshua, |
| Dates associated with a name |
1977- |
| Relator term |
editor. |
| 9 (RLIN) |
99847 |
| 700 1# - ADDED ENTRY--PERSONAL NAME |
| Personal name |
Heginbotham, Eric, |
| Relator term |
editor. |
| 9 (RLIN) |
99848 |
| 906 ## - LOCAL DATA ELEMENT F, LDF (RLIN) |
| a |
7 |
| b |
cbc |
| c |
orignew |
| d |
1 |
| e |
ecip |
| f |
20 |
| g |
y-gencatlg |
| 942 ## - ADDED ENTRY ELEMENTS (KOHA) |
| Source of classification or shelving scheme |
|
| Koha item type |
Book |